MARC details
| 000 -CABECERA |
| campo de control de longitud fija |
01159cam a2200337 a 4500 |
| 001 - NÚMERO DE CONTROL |
| campo de control |
000007929 |
| 005 - FECHA Y HORA DE LA ÚLTIMA TRANSACCIÓN |
| campo de control |
20200929154344.0 |
| 008 - DATOS DE LONGITUD FIJA--INFORMACIÓN GENERAL |
| campo de control de longitud fija |
921211s1992 sp a 001 f spa d |
| 020 ## - NÚMERO INTERNACIONAL ESTÁNDAR DEL LIBRO |
| Número Internacional Estándar del Libro |
8478801561 |
| 040 ## - FUENTE DE LA CATALOGACIÓN |
| Centro catalogador/agencia de origen |
DO-SdBNP |
| Centro/agencia transcriptor |
MdBJ |
| Centro/agencia modificador |
NN |
| -- |
DLC |
| 082 ## - NÚMERO DE LA CLASIFICACIÓN DECIMAL DEWEY |
| Número de clasificación |
808.803 |
| Número de documento/Ítem |
V567d |
| 245 00 - MENCIÓN DE TÍTULO |
| Título |
Verte desnudo / |
| Mención de responsabilidad, etc. |
Mercedes Abad [et al.] ; edición, Lourdes Ortiz ; ilustraciones de interior, Manuel Lago Alonso. |
| 260 ## - PUBLICACIÓN, DISTRIBUCIÓN, ETC. |
| Lugar de publicación, distribución, etc. |
[Madrid] : |
| Nombre del editor, distribuidor, etc. |
Temas de Hoy, |
| Fecha de publicación, distribución, etc. |
1992. |
| 300 ## - DESCRIPCIÓN FÍSICA |
| Extensión |
151 p. ; |
| Dimensiones |
21 cm. |
| 490 1# - MENCIÓN DE SERIE |
| Mención de serie |
Biblioteca Erótica |
| Designación de volumen o secuencia |
no. 19 |
| 650 #4 - PUNTO DE ACCESO ADICIONAL DE MATERIA--TÉRMINO DE MATERIA |
| Término de materia o nombre geográfico como elemento de entrada |
Literatura erótica |
| 9 (RLIN) |
21715 |
| 650 #4 - PUNTO DE ACCESO ADICIONAL DE MATERIA--TÉRMINO DE MATERIA |
| Término de materia o nombre geográfico como elemento de entrada |
Novela erótica |
| 9 (RLIN) |
21716 |
| 650 #4 - PUNTO DE ACCESO ADICIONAL DE MATERIA--TÉRMINO DE MATERIA |
| Término de materia o nombre geográfico como elemento de entrada |
Literatura erótica española |
| 9 (RLIN) |
21717 |
| 700 1# - PUNTO DE ACCESO ADICIONAL--NOMBRE DE PERSONA |
| Nombre de persona |
Ortiz, Lourdes, |
| Término indicativo de función/relación |
ed. |
| 9 (RLIN) |
9130 |
| 700 1# - PUNTO DE ACCESO ADICIONAL--NOMBRE DE PERSONA |
| Nombre de persona |
Lago Alonso, Manuel, |
| Término indicativo de función/relación |
il. |
| 9 (RLIN) |
21718 |
| 700 1# - PUNTO DE ACCESO ADICIONAL--NOMBRE DE PERSONA |
| Nombre de persona |
Abad, Mercedes, |
| Fechas asociadas al nombre |
1961- |
| 9 (RLIN) |
21719 |
| 700 1# - PUNTO DE ACCESO ADICIONAL--NOMBRE DE PERSONA |
| Nombre de persona |
Cohen, Emma |
| 9 (RLIN) |
21720 |
| 700 1# - PUNTO DE ACCESO ADICIONAL--NOMBRE DE PERSONA |
| Nombre de persona |
Janés, Clara |
| 9 (RLIN) |
21721 |
| 700 1# - PUNTO DE ACCESO ADICIONAL--NOMBRE DE PERSONA |
| Nombre de persona |
Pedraza, Pilar |
| 9 (RLIN) |
21722 |
| 700 1# - PUNTO DE ACCESO ADICIONAL--NOMBRE DE PERSONA |
| Nombre de persona |
Pereda, Rosa María |
| 9 (RLIN) |
21723 |
| 700 1# - PUNTO DE ACCESO ADICIONAL--NOMBRE DE PERSONA |
| Nombre de persona |
Peri Rossi, Cristina |
| 9 (RLIN) |
21724 |
| 700 1# - PUNTO DE ACCESO ADICIONAL--NOMBRE DE PERSONA |
| Nombre de persona |
Pottecher, Beatriz |
| 9 (RLIN) |
21725 |
| 700 1# - PUNTO DE ACCESO ADICIONAL--NOMBRE DE PERSONA |
| Nombre de persona |
Rossetti, Ana |
| 9 (RLIN) |
21726 |
| 830 #0 - PUNTO DE ACCESO ADICIONAL DE SERIE-TÍTULO UNIFORME |
| Título uniforme |
Biblioteca Erótica ; |
| Designación de volumen o secuencia |
no. 19 |
| 9 (RLIN) |
21727 |
| 910 ## - DATOS DE OPCIÓN DEL USUARIO (OCLC) |
| Datos de opción del usuario |
Catalogación por copia / LC |